[Event "Junior Online 4NCL Division 3"]
[Site "online"]
[Date "2021.03.18"]
[EventDate "2021.03.18"]
[Round "5.31"]
[White "Callan, Adrian"]
[WhiteElo "1413"]
[WhiteTeam "Surrey Kings 2"]
[Black "Cepoi, Gesneria-Codruta"]
[BlackElo "1051"]
[BlackTeam "Uxbridge Girls"]
[Result "1-0"]
[PlyCount "75"]

1. d4 f5 2. Bg5 Nf6 3. Bxf6 exf6 4. Nc3 d5 5. e3 Nc6 6. Bb5 Qd7 7. Qf3 a6 8. Bxc6 bxc6 9. Nge2 Bb4 10. a3 Bxc3+ 11. Nxc3 O-O 12. Na4 Rb8 13. Nc5 Qd6 14. b4 g6 15. Qe2 Rb6 16. c4 Re8 17. O-O Kg7 18. Na4 Rb8 19. Nc5 Ra8 20. Rfc1 a5 21. cxd5 cxd5 22. Qb5 c6 23. Qd3 Re7 24. b5 cxb5 25. Qxb5 Rea7 26. Rab1 Rc7 27. a4 Rca7 28. h4 Kh6 29. g3 Rc7 30. Kg2 Rca7 31. f4 Ba6 32. Nxa6 Rxa6 33. h5 gxh5 34. Rh1 Rc8 35. Qe2 Rac6 36. Qxh5+ Kg7 37. Rb7+ Kf8 38. Qf7# 1-0

[Event "Junior Online 4NCL Division 3"]
[Site "online"]
[Date "2021.03.18"]
[EventDate "2021.03.18"]
[Round "5.32"]
[White "Siddiqui, Zainab"]
[WhiteElo "961"]
[WhiteTeam "Uxbridge Girls"]
[Black "Wastney, Dylan"]
[BlackElo "1330"]
[BlackTeam "Surrey Kings 2"]
[Result "0-1"]
[PlyCount "84"]

1. e4 c5 2. Bc4 e6 3. d3 d5 4. Bb5+ Nc6 5. f3 Qa5+ 6. Nc3 d4 7. Bxc6+ bxc6 8. b4 Qxb4 9. a3 Qxc3+ 10. Bd2 Qb2 11. Ne2 Qb7 12. O-O Nf6 13. g4 Bd6 14. h3 Bb8 15. Rb1 Qc7 16. f4 Bd7 17. c3 dxc3 18. Bxc3 Qd8 19. f5 Qc7 20. e5 Nd5 21. Ba1 Ne3 22. Qc1 Nxf1 23. Kxf1 exf5 24. gxf5 Bxf5 25. Nf4 g5 26. Nh5 Bxh3+ 27. Ke1 Qe7 28. Ng7+ Kf8 29. Nh5 g4 30. Qf4 Qh4+ 31. Ng3 Bg2 32. e6 Bxf4 33. exf7 Qh3 34. Rb3 Qxg3+ 35. Kd1 Bf3+ 36. Kc2 Qf2+ 37. Kb1 Bd1 38. Rb2 Qe1 39. Ra2 Bb3+ 40. Kb2 Bxa2 41. Kxa2 Qd2+ 42. Bb2 Rb8 0-1

[Event "Junior Online 4NCL Division 3"]
[Site "online"]
[Date "2021.03.18"]
[EventDate "2021.03.18"]
[Round "5.33"]
[White "Josse, Ben"]
[WhiteElo "1232"]
[WhiteTeam "Surrey Kings 2"]
[Black "Vijayakumar, Mrinali"]
[BlackElo "700"]
[BlackTeam "Uxbridge Girls"]
[Result "1-0"]
[PlyCount "67"]

1. e4 e5 2. Nf3 Nc6 3. Bc4 Nf6 4. d4 exd4 5. e5 Ne4 6. Qe2 Bb4+ 7. Kf1 d5 8. exd6 Qxd6 9. Qxe4+ Ne5 10. Qxe5+ Qe7 11. Qxe7+ Bxe7 12. Bf4 O-O 13. Nbd2 Bf5 14. Re1 Bb4 15. a3 Bxd2 16. Nxd2 c6 17. Bd3 b5 18. Bxf5 c5 19. f3 c4 20. Kf2 c3 21. bxc3 dxc3 22. Nb3 Rab8 23. Re3 b4 24. a4 Rbd8 25. Bd3 h5 26. Rhe1 g6 27. Re7 Kh7 28. g4 h4 29. Rxa7 Kg7 30. Be5+ Kh6 31. f4 h3 32. Kg3 Rfe8 33. g5+ Kh5 34. Be2# 1-0

[Event "Junior Online 4NCL Division 3"]
[Site "online"]
[Date "2021.03.18"]
[EventDate "2021.03.18"]
[Round "5.34"]
[White "Patange, Rashi"]
[WhiteElo "700"]
[WhiteTeam "Uxbridge Girls"]
[Black "Lee, Damin"]
[BlackElo "1149"]
[BlackTeam "Surrey Kings 2"]
[Result "1-0"]
[PlyCount "92"]

1. e4 e5 2. Nf3 Nc6 3. c3 Bc5 4. Qb3 Nf6 5. Ng5 O-O 6. Qc2 h6 7. Nf3 d6 8. d4 exd4 9. cxd4 Bxd4 10. e5 dxe5 11. Bd3 e4 12. Nxd4 Nxd4 13. Qa4 exd3 14. Nc3 Re8+ 15. Be3 Bf5 16. O-O Ne4 17. Nxe4 Bxe4 18. Bxd4 Qg5 19. g3 Bf3 20. Bc3 Qh5 21. Qd4 f6 22. Qc4+ Kh8 23. h4 Re4 24. Qxc7 Qg4 25. b4 Rg8 26. Kh2 Re2 27. Rfe1 Rxf2+ 28. Kg1 Qg5 29. hxg5 Rg2+ 30. Kf1 hxg5 31. Re5 Kh7 32. Re3 Rh2 33. Rxf3 Rh1+ 34. Kg2 Rh5 35. g4 Rh6 36. Qc4 Rh8 37. Qe4+ Kg8 38. Qe8+ Kh7 39. Qe4+ Kg8 40. Rxd3 Rh2+ 41. Kg1 Rh1+ 42. Kf2 R1h2+ 43. Ke3 R8h3+ 44. Kd4 Rh4 45. Kc4 Rc2 46. Rd8+ Kf7 1-0

[Event "Junior Online 4NCL Division 3"]
[Site "online"]
[Date "2021.03.18"]
[EventDate "2021.03.18"]
[Round "5.35"]
[White "Cepoi, Gesneria-Codruta"]
[WhiteElo "1051"]
[WhiteTeam "Uxbridge Girls"]
[Black "Callan, Adrian"]
[BlackElo "1413"]
[BlackTeam "Surrey Kings 2"]
[Result "1/2-1/2"]
[PlyCount "152"]

1. e4 c6 2. Nf3 d5 3. e5 Bg4 4. d4 e6 5. Be2 c5 6. Be3 cxd4 7. Bxd4 Nc6 8. Bc3 Bxf3 9. Bxf3 d4 10. Bxc6+ bxc6 11. Bxd4 Bb4+ 12. c3 c5 13. Qa4+ Qd7 14. Qxd7+ Kxd7 15. Be3 Ba5 16. Bxc5 Ne7 17. b4 Bc7 18. f4 Rhd8 19. O-O Ke8 20. Na3 Nd5 21. Rac1 a5 22. bxa5 Rxa5 23. c4 Rxc5 24. cxd5 Rxc1 25. Rxc1 Bb6+ 26. Kf1 Rxd5 27. Nc4 Bc7 28. Ne3 Rd7 29. a4 Bb6 30. Nc4 Bc5 31. a5 Rd4 32. Nd6+ Bxd6 33. exd6 Rxd6 34. Ra1 Ra6 35. Ke2 Kd7 36. Kd3 Kc6 37. Kc4 f6 38. g3 h5 39. Kb4 e5 40. Rc1+ Kb7 41. Kb5 Re6 42. Ra1 e4 43. a6+ Ka7 44. f5 Re5+ 45. Kc4 e3 46. Kd4 e2 47. Re1 Kxa6 48. Kd3 Rxf5 49. Rxe2 g6 50. Re6+ Kb5 51. Ke4 Kc5 52. h3 Kc4 53. g4 hxg4 54. hxg4 Rf1 55. Rc6+ Kb5 56. Rc3 Kb4 57. Rd3 Re1+ 58. Kf3 Kc4 59. Ra3 f5 60. gxf5 Rf1+ 61. Kg2 Rxf5 62. Rf3 Kd4 63. Kg3 Ke4 64. Ra3 Rd5 65. Ra4+ Kf5 66. Rf4+ Kg5 67. Rg4+ Kf6 68. Kh4 g5+ 69. Kh5 Rf5 70. Kh6 Rf3 71. Rxg5 Rh3+ 72. Rh5 Rg3 73. Rh1 Rg6+ 74. Kh5 Rg7 75. Rf1+ Ke6 76. Kh6 Rf7 1/2-1/2

[Event "Junior Online 4NCL Division 3"]
[Site "online"]
[Date "2021.03.18"]
[EventDate "2021.03.18"]
[Round "5.36"]
[White "Wastney, Dylan"]
[WhiteElo "1330"]
[WhiteTeam "Surrey Kings 2"]
[Black "Siddiqui, Zainab"]
[BlackElo "961"]
[BlackTeam "Uxbridge Girls"]
[Result "1-0"]
[PlyCount "53"]

1. e4 e5 2. Nf3 Nf6 3. Nxe5 Nxe4 4. Qe2 f6 5. Qh5+ g6 6. Nxg6 Rg8 7. Qxh7 Rg7 8. Qh5 Nd6 9. Nxf8+ Nf7 10. Ng6 f5 11. Qe2+ Ne5 12. Qxe5+ Re7 13. Nxe7 Qxe7 14. Qxe7+ Kxe7 15. h4 Nc6 16. h5 d5 17. h6 Be6 18. h7 Rh8 19. b3 Nd4 20. Na3 b5 21. Bb2 b4 22. Bxd4 Rf8 23. Bc5+ Ke8 24. Bxf8 Kxf8 25. h8=Q+ Bg8 26. Qf6+ Bf7 27. Rh8# 1-0

[Event "Junior Online 4NCL Division 3"]
[Site "online"]
[Date "2021.03.18"]
[EventDate "2021.03.18"]
[Round "5.37"]
[White "Vijayakumar, Mrinali"]
[WhiteElo "700"]
[WhiteTeam "Uxbridge Girls"]
[Black "Josse, Ben"]
[BlackElo "1232"]
[BlackTeam "Surrey Kings 2"]
[Result "0-1"]
[PlyCount "74"]

1. e4 e6 2. Nf3 d5 3. e5 c5 4. Bb5+ Nc6 5. O-O Qb6 6. Nc3 Bd7 7. Qe2 Nge7 8. d3 Nf5 9. Bf4 Be7 10. Bg5 h6 11. Bxe7 Kxe7 12. Rab1 g5 13. d4 Ncxd4 14. Qd3 Nxb5 15. Na4 Qc7 16. c4 Nbd4 17. Nc3 Nxf3+ 18. Qxf3 d4 19. Ne4 Bc6 20. Qg4 Qxe5 21. Rfe1 Qf4 22. f3 Qxg4 23. fxg4 Ne3 24. Nxc5 Rhd8 25. Rbd1 b6 26. Na6 e5 27. Rc1 Rac8 28. c5 Bb5 29. Nb4 Rxc5 30. Rb1 a5 31. Nd3 Bxd3 32. Rbc1 Rdc8 33. b4 axb4 34. Ra1 Rc2 35. g3 Be4 36. a4 Rg2+ 37. Kh1 Rxg3# 0-1

[Event "Junior Online 4NCL Division 3"]
[Site "online"]
[Date "2021.03.18"]
[EventDate "2021.03.18"]
[Round "5.38"]
[White "Lee, Damin"]
[WhiteElo "1149"]
[WhiteTeam "Surrey Kings 2"]
[Black "Patange, Rashi"]
[BlackElo "700"]
[BlackTeam "Uxbridge Girls"]
[Result "1-0"]
[PlyCount "29"]

1. e4 e5 2. Nf3 Bc5 3. Bc4 a6 4. Nxe5 Ba7 5. Nxf7 Qe7 6. Nxh8 Qc5 7. Bf7+ Kf8 8. O-O Nc6 9. Nc3 Nb4 10. a3 c6 11. Qf3 Qd6 12. Bxg8+ Kxg8 13. Qf7+ Kxh8 14. Qe8+ Qf8 15. Qxf8# 1-0

[Event "Junior Online 4NCL Division 3"]
[Site "online"]
[Date "2021.03.18"]
[EventDate "2021.03.18"]
[Round "5.41"]
[White "McBrinn, Conall"]
[WhiteElo "1683"]
[WhiteTeam "JHJ Shark Tank 1"]
[Black "Jessop,Osian"]
[BlackElo "1284"]
[BlackTeam "Border Bandits 2"]
[Result "1-0"]
[PlyCount "93"]

1. d4 f5 2. c4 e6 3. Nc3 Nf6 4. Nf3 d5 5. cxd5 exd5 6. Bg5 h6 7. Bxf6 gxf6 8. e3 Nc6 9. Bb5 Bd7 10. Bxc6 Bxc6 11. Qd3 Bd7 12. Nh4 Qe7 13. Nxd5 Qd6 14. Nc3 O-O-O 15. Nxf5 Bxf5 16. Qxf5+ Kb8 17. Rc1 a6 18. a3 Re8 19. O-O Qe6 20. Qxe6 Rxe6 21. Nd5 c6 22. Nf4 Re8 23. b4 Bd6 24. Nd3 Reg8 25. g3 f5 26. Kh1 h5 27. Nc5 h4 28. Kg2 hxg3 29. hxg3 Rg7 30. Rh1 Rhg8 31. Rh4 f4 32. exf4 Rf7 33. Kf3 Re8 34. Rch1 Bxc5 35. dxc5 Rd7 36. Rh8 Rd3+ 37. Kg2 Rxh8 38. Rxh8+ Ka7 39. g4 Rxa3 40. f5 Ra4 41. f6 Rxb4 42. f7 Rxg4+ 43. Kf3 Rb4 44. f8=Q Rb3+ 45. Kg2 Rg3+ 46. Kxg3 a5 47. Qa8# 1-0

[Event "Junior Online 4NCL Division 3"]
[Site "online"]
[Date "2021.03.18"]
[EventDate "2021.03.18"]
[Round "5.42"]
[White "Watkins, Gabby"]
[WhiteElo "1087"]
[WhiteTeam "Border Bandits 2"]
[Black "Ward, Cian"]
[BlackElo "1651"]
[BlackTeam "JHJ Shark Tank 1"]
[Result "1-0"]
[PlyCount "147"]

1. c4 e5 2. g3 Bc5 3. Nc3 Nf6 4. Bg2 d6 5. e3 O-O 6. Nge2 Nc6 7. a3 a5 8. O-O Bf5 9. d4 exd4 10. exd4 Ba7 11. Be3 Re8 12. Re1 Ng4 13. Qd2 Nxe3 14. fxe3 Qe7 15. Rf1 Bg6 16. Nd5 Qd7 17. Nef4 Ne7 18. Nxg6 hxg6 19. Nxe7+ Qxe7 20. Bxb7 Rab8 21. Bd5 Qxe3+ 22. Qxe3 Rxe3 23. Rxf7 Kh7 24. Rd1 Bb6 25. b4 axb4 26. axb4 c5 27. bxc5 dxc5 28. dxc5 Bxc5 29. Kg2 Rb2+ 30. Kh3 Ree2 31. Rh1 Kh6 32. Rf4 Kg5 33. Rf7 Bg1 34. g4 Rb3+ 35. Rf3 Rxf3+ 36. Bxf3 Re3 37. Kg2 Bxh2 38. Rxh2 Rc3 39. Bd5 Kxg4 40. Rh7 Rc2+ 41. Kf1 g5 42. Rxg7 Kf4 43. Rc7 g4 44. c5 g3 45. c6 Ke5 46. Bh1 Rc1+ 47. Kg2 Kf4 48. Rf7+ Kg4 49. c7 Rc2+ 50. Kf1 Rc1+ 51. Ke2 Kh3 52. Rh7+ Kg4 53. Bf3+ Kf4 54. Bb7 Rc2+ 55. Kd3 Rc5 56. c8=Q Rxc8 57. Bxc8 g2 58. Rg7 Kf3 59. Bb7+ Kf4 60. Rxg2 Ke5 61. Rg4 Kf6 62. Ra4 Ke5 63. Ke3 Kf5 64. Kf3 Ke5 65. Re4+ Kd6 66. Kf4 Kc5 67. Ke3 Kd6 68. Rh4 Kc7 69. Rh6 Kd7 70. Kd4 Kd8 71. Rh7 Ke8 72. Ke5 Kd8 73. Ke6 Ke8 74. Rh8# 1-0

[Event "Junior Online 4NCL Division 3"]
[Site "online"]
[Date "2021.03.18"]
[EventDate "2021.03.18"]
[Round "5.43"]
[White "Yu, William"]
[WhiteElo "1587"]
[WhiteTeam "JHJ Shark Tank 1"]
[Black "Fennell, Owyn"]
[BlackElo "963"]
[BlackTeam "Border Bandits 2"]
[Result "0-1"]
[PlyCount "48"]

1. d4 d5 2. Bf4 Nc6 3. e3 e6 4. Bd3 Bd6 5. Bg3 e5 6. dxe5 Nxe5 7. Nf3 Nxf3+ 8. Qxf3 Nf6 9. Nc3 Bg4 10. Bxd6 Bxf3 11. Bxc7 Qxc7 12. gxf3 O-O 13. Rg1 g6 14. O-O-O Qxh2 15. Rdf1 d4 16. Ne2 dxe3 17. fxe3 Nd5 18. Rh1 Qg2 19. e4 Ne3 20. Rfg1 Qxf3 21. Nd4 Qf2 22. b3 Rad8 23. Nb5 Rxd3 24. cxd3 Qc2# 0-1

[Event "Junior Online 4NCL Division 3"]
[Site "online"]
[Date "2021.03.18"]
[EventDate "2021.03.18"]
[Round "5.44"]
[White "Siddall, George"]
[WhiteElo "708"]
[WhiteTeam "Border Bandits 2"]
[Black "Duke, Dillan"]
[BlackElo "1558"]
[BlackTeam "JHJ Shark Tank 1"]
[Result "0-1"]
[PlyCount "24"]

1. e4 e6 2. d4 d5 3. e5 c5 4. dxc5 Bxc5 5. Nf3 Nc6 6. Bb5 Qb6 7. Nc3 Bxf2+ 8. Ke2 Bd7 9. Bxc6 Bxc6 10. Na4 Bxa4 11. b3 Bb5+ 12. Kd2 Qe3# 0-1

[Event "Junior Online 4NCL Division 3"]
[Site "online"]
[Date "2021.03.18"]
[EventDate "2021.03.18"]
[Round "5.45"]
[White "Jessop,Osian"]
[WhiteElo "1284"]
[WhiteTeam "Border Bandits 2"]
[Black "McBrinn, Conall"]
[BlackElo "1683"]
[BlackTeam "JHJ Shark Tank 1"]
[Result "0-1"]
[PlyCount "84"]

1. e4 e6 2. d4 d5 3. e5 c5 4. Nf3 Qb6 5. dxc5 Bxc5 6. Be3 Bxe3 7. fxe3 Qxe3+ 8. Be2 Nc6 9. Nc3 Nxe5 10. Nxe5 Qxe5 11. O-O Nf6 12. Bb5+ Bd7 13. Bxd7+ Nxd7 14. Qf3 Nf6 15. Rae1 Qd6 16. b3 O-O 17. a4 Rac8 18. Nb5 Qc5+ 19. Rf2 a6 20. Qg3 axb5 21. Kh1 Ne4 22. Rxe4 dxe4 23. h3 e3 24. Re2 Qd4 25. Qxe3 Qxe3 26. Rxe3 bxa4 27. bxa4 Rxc2 28. Rb3 Ra2 29. Rxb7 Rxa4 30. Kh2 h6 31. Rb6 Rc8 32. Rb7 Ra2 33. Kg3 Rcc2 34. Rb8+ Kh7 35. Kf3 Rf2+ 36. Kg3 Rxg2+ 37. Kf3 Rh2 38. Kg3 Rhd2 39. Rb7 Ra3+ 40. Kg4 Rd4+ 41. Kh5 Ra5+ 42. Rb5 Rxb5# 0-1

[Event "Junior Online 4NCL Division 3"]
[Site "online"]
[Date "2021.03.18"]
[EventDate "2021.03.18"]
[Round "5.46"]
[White "Ward, Cian"]
[WhiteElo "1651"]
[WhiteTeam "JHJ Shark Tank 1"]
[Black "Watkins, Gabby"]
[BlackElo "1087"]
[BlackTeam "Border Bandits 2"]
[Result "1-0"]
[PlyCount "99"]

1. e4 c6 2. d4 d5 3. exd5 cxd5 4. Bd3 Nc6 5. Nf3 Nf6 6. Bf4 g6 7. Nc3 Bg7 8. Bb5 Bd7 9. O-O O-O 10. Qd2 a6 11. Bxc6 Bxc6 12. Bh6 Re8 13. Bxg7 Kxg7 14. h4 Qd6 15. Ne5 Nd7 16. Nxd7 Qxd7 17. Qg5 f6 18. Qg3 h5 19. Ne2 Rg8 20. Nf4 Kf7 21. Rfe1 Rae8 22. Ne6 Qd6 23. Qxd6 exd6 24. Nf4 Re7 25. Rxe7+ Kxe7 26. Re1+ Kf7 27. g3 Re8 28. Rxe8 Kxe8 29. Nxg6 Kf7 30. Nf4 Be8 31. Nxh5 Ke6 32. Ng7+ Kf7 33. Nxe8 Kxe8 34. Kg2 Ke7 35. Kf3 Ke6 36. Kf4 f5 37. f3 b5 38. g4 fxg4 39. fxg4 Kf6 40. g5+ Kg6 41. Kg4 a5 42. h5+ Kg7 43. Kf5 a4 44. h6+ Kh7 45. g6+ Kxh6 46. Kf6 b4 47. g7 Kh7 48. Kf7 b3 49. g8=Q+ Kh6 50. Qg6# 1-0

[Event "Junior Online 4NCL Division 3"]
[Site "online"]
[Date "2021.03.18"]
[EventDate "2021.03.18"]
[Round "5.47"]
[White "Fennell, Owyn"]
[WhiteElo "963"]
[WhiteTeam "Border Bandits 2"]
[Black "Yu, William"]
[BlackElo "1587"]
[BlackTeam "JHJ Shark Tank 1"]
[Result "0-1"]
[PlyCount "56"]

1. e4 e6 2. Nf3 d5 3. Nc3 d4 4. Ne2 c5 5. c3 Nc6 6. cxd4 cxd4 7. Nfxd4 Nxd4 8. Nxd4 Qxd4 9. d3 Bb4+ 10. Bd2 Bxd2+ 11. Kxd2 Qxb2+ 12. Ke3 Ne7 13. Be2 O-O 14. Qb3 Qxb3 15. axb3 b6 16. d4 Bb7 17. Ba6 Bxa6 18. Rxa6 Nc6 19. Rc1 Nb4 20. Ra4 a5 21. Rc4 Rac8 22. Rxc8 Rxc8 23. d5 exd5 24. exd5 Nxd5+ 25. Ke4 Nb4 26. Ra1 Re8+ 27. Kd4 Nc2+ 28. Kc3 Nxa1 0-1

[Event "Junior Online 4NCL Division 3"]
[Site "online"]
[Date "2021.03.18"]
[EventDate "2021.03.18"]
[Round "5.48"]
[White "Duke, Dillan"]
[WhiteElo "1558"]
[WhiteTeam "JHJ Shark Tank 1"]
[Black "Siddall, George"]
[BlackElo "708"]
[BlackTeam "Border Bandits 2"]
[Result "1-0"]
[PlyCount "41"]

1. e4 e5 2. Nc3 Nf6 3. g3 g6 4. Bg2 Bg7 5. d3 h6 6. Nge2 d6 7. O-O Bg4 8. h3 Bxe2 9. Qxe2 Nc6 10. Be3 Qd7 11. Nd5 Nxd5 12. exd5 Nb4 13. a3 Na6 14. Kh2 O-O-O 15. b4 Nxb4 16. axb4 Qb5 17. Rxa7 Qxb4 18. Rfa1 Kd7 19. Qg4+ f5 20. Qxg6 Bf8 21. Qe6# 1-0

[Event "Junior Online 4NCL Division 3"]
[Site "online"]
[Date "2021.03.18"]
[EventDate "2021.03.18"]
[Round "5.51"]
[White "Shen, Alex"]
[WhiteElo "1574"]
[WhiteTeam "MCS Tenners A"]
[Black "Vyas, Alisha"]
[BlackElo "1738"]
[BlackTeam "Barnet Knights A"]
[Result "0-1"]
[PlyCount "50"]

1. e4 c5 2. Nf3 d6 3. d4 cxd4 4. Nxd4 Nf6 5. Nc3 g6 6. Be3 Bg7 7. f3 O-O 8. Qd2 Nc6 9. g4 Nxd4 10. Bxd4 Be6 11. O-O-O Qa5 12. a3 Rfc8 13. h4 Rab8 14. h5 b5 15. hxg6 fxg6 16. g5 Nh5 17. Bxg7 Nxg7 18. Qh2 Nh5 19. Be2 b4 20. Nd5 Bxd5 21. Rxd5 Qc7 22. Bd1 bxa3 23. bxa3 Qc3 24. f4 Qe3+ 25. Qd2 Qxa3# 0-1

[Event "Junior Online 4NCL Division 3"]
[Site "online"]
[Date "2021.03.18"]
[EventDate "2021.03.18"]
[Round "5.52"]
[White "Sanfey, Gregor"]
[WhiteElo "1769"]
[WhiteTeam "Barnet Knights A"]
[Black "Turner, Jamie"]
[BlackElo "1562"]
[BlackTeam "MCS Tenners A"]
[Result "1-0"]
[PlyCount "73"]

1. f4 d5 2. Nf3 c5 3. e3 a6 4. b3 Nc6 5. Bb2 Bg4 6. Be2 e6 7. O-O Nf6 8. Ne5 Bxe2 9. Qxe2 Be7 10. d3 Qc7 11. Nd2 Nxe5 12. fxe5 Nd7 13. Qh5 g6 14. Qf3 Rf8 15. d4 cxd4 16. exd4 Qxc2 17. Bc3 Bg5 18. Rac1 Qf5 19. Qg3 Bxd2 20. Rxf5 Bxc1 21. Rf1 Ba3 22. Qh3 h5 23. g4 hxg4 24. Qxg4 Bc1 25. Rxc1 Rc8 26. h4 b5 27. h5 gxh5 28. Qxh5 Rg8+ 29. Kh2 b4 30. Rf1 Rf8 31. Bxb4 Rc2+ 32. Kh3 Rh8 33. Qxh8+ Nf8 34. Qxf8+ Kd7 35. Rxf7+ Kc6 36. Qd6+ Kb5 37. Rb7# 1-0

[Event "Junior Online 4NCL Division 3"]
[Site "online"]
[Date "2021.03.18"]
[EventDate "2021.03.18"]
[Round "5.53"]
[White "Croft, Dennis"]
[WhiteElo "1278"]
[WhiteTeam "MCS Tenners A"]
[Black "Eedle, Eric F"]
[BlackElo "1638"]
[BlackTeam "Barnet Knights A"]
[Result "0-1"]
[PlyCount "134"]

1. c4 c5 2. Nc3 Nc6 3. g3 g6 4. Bg2 Bg7 5. e3 e6 6. Nge2 Nge7 7. O-O d5 8. cxd5 exd5 9. a3 O-O 10. d4 cxd4 11. exd4 Be6 12. Be3 Qd7 13. Nf4 Rad8 14. Nxe6 fxe6 15. Nb5 a6 16. Nc3 Nf5 17. Ne2 Bf6 18. Qd2 Qg7 19. Rfd1 Rde8 20. b4 Qe7 21. Rab1 Nd6 22. Bf4 Nc4 23. Qd3 b5 24. h3 Bg7 25. Qf3 g5 26. Bxg5 Qxg5 27. Qd3 Ne7 28. h4 Qf5 29. Nf4 Ng6 30. Qxf5 Rxf5 31. Nh3 Rf7 32. Ng5 Rfe7 33. Rd3 h6 34. Nh3 Nf8 35. Nf4 Kh7 36. Re1 Nd7 37. Bh3 Nf8 38. Kg2 Nd6 39. Rxe6 Nxe6 40. Nxd5 Rf7 41. Nc7 Nxc7 42. Bg4 Ref8 43. f4 Re7 44. d5 Rfe8 45. Kf3 Re1 46. Kf2 R8e7 47. h5 Nce8 48. Kg2 Nf6 49. Be6 Nxh5 50. Rb3 Rc1 51. f5 Nf6 52. a4 Rcc7 53. Rb2 Re8 54. Re2 Ree7 55. Kh3 Nfe4 56. axb5 axb5 57. Re1 Ng5+ 58. Kg2 Nxe6 59. fxe6 Rc4 60. Rb1 Bc3 61. Kh3 Bxb4 62. g4 Bc3 63. Rf1 Kg7 64. Rf3 Bf6 65. Ra3 b4 66. Re3 Rc3 67. Rxc3 bxc3 0-1

[Event "Junior Online 4NCL Division 3"]
[Site "online"]
[Date "2021.03.18"]
[EventDate "2021.03.18"]
[Round "5.54"]
[White "Angelopoulos, Andreas"]
[WhiteElo "1639"]
[WhiteTeam "Barnet Knights A"]
[Black "Yao, Rian"]
[BlackElo "1060"]
[BlackTeam "MCS Tenners A"]
[Result "1-0"]
[PlyCount "59"]

1. d4 d5 2. c4 c6 3. Nc3 Nf6 4. Nf3 Bf5 5. e3 e6 6. Bd3 Bxd3 7. Qxd3 Bd6 8. O-O O-O 9. b3 Nbd7 10. Bb2 h6 11. Rfe1 Qc7 12. c5 Be7 13. b4 a5 14. b5 cxb5 15. Nxb5 Qc6 16. a4 Rfe8 17. Ba3 b6 18. cxb6 Bxa3 19. Rxa3 Qxb6 20. Rc3 g6 21. Nc7 Rac8 22. Nxe8 Rxc3 23. Qxc3 Nxe8 24. Rc1 Kg7 25. h3 f6 26. Qc6 Kf7 27. Qxd7+ Kf8 28. Rc8 Qb1+ 29. Kh2 Kg8 30. Rxe8# 1-0

[Event "Junior Online 4NCL Division 3"]
[Site "online"]
[Date "2021.03.18"]
[EventDate "2021.03.18"]
[Round "5.55"]
[White "Vyas, Alisha"]
[WhiteElo "1738"]
[WhiteTeam "Barnet Knights A"]
[Black "Shen, Alex"]
[BlackElo "1574"]
[BlackTeam "MCS Tenners A"]
[Result "1-0"]
[PlyCount "129"]

1. e4 c5 2. c3 d5 3. exd5 Qxd5 4. d4 Nc6 5. Nf3 Bg4 6. Be2 e6 7. O-O Nf6 8. h3 Bf5 9. Be3 cxd4 10. cxd4 Be7 11. Nc3 Qd7 12. Bb5 O-O 13. Ne5 Qc7 14. Nxc6 bxc6 15. Bd3 Bxd3 16. Qxd3 Rfd8 17. Rac1 Rac8 18. Ne4 Nd5 19. Rfd1 Qa5 20. a3 h6 21. Qe2 Qa4 22. Nc3 Qa5 23. Bd2 Qb6 24. Qe1 Qxb2 25. Nxd5 cxd5 26. a4 Bf6 27. Rb1 Qa2 28. Ra1 Qc4 29. Be3 Qa6 30. a5 Qd6 31. Qe2 a6 32. Rab1 Rb8 33. g3 Kh7 34. Kg2 g6 35. Qd2 Kg7 36. Bxh6+ Kg8 37. Be3 Bg7 38. Bh6 Bf6 39. Bg5 Qe7 40. Bxf6 Qxf6 41. Qd3 Rxb1 42. Rxb1 Rd6 43. Rb6 Rxb6 44. axb6 a5 45. b7 Qd8 46. Qa6 Qb8 47. Qa8 Qxa8 48. bxa8=Q+ Kg7 49. Qxa5 Kf6 50. Qd2 e5 51. dxe5+ Kxe5 52. f4+ Ke6 53. Qd4 f6 54. Kf3 g5 55. fxg5 fxg5 56. Kg4 Kd6 57. Kxg5 Kc6 58. Kf6 Kd6 59. Qb6+ Kd7 60. Ke5 d4 61. Kxd4 Ke8 62. Qc7 Kf8 63. Ke5 Kg8 64. Kf6 Kf8 65. Qf7# 1-0

[Event "Junior Online 4NCL Division 3"]
[Site "online"]
[Date "2021.03.18"]
[EventDate "2021.03.18"]
[Round "5.56"]
[White "Turner, Jamie"]
[WhiteElo "1562"]
[WhiteTeam "MCS Tenners A"]
[Black "Sanfey, Gregor"]
[BlackElo "1769"]
[BlackTeam "Barnet Knights A"]
[Result "1-0"]
[PlyCount "129"]

1. d4 Nf6 2. c4 e6 3. Nc3 Bb4 4. a3 Bxc3+ 5. bxc3 O-O 6. Bg5 d5 7. cxd5 exd5 8. Nf3 h6 9. Bxf6 Qxf6 10. e3 c6 11. c4 dxc4 12. Bxc4 Nd7 13. O-O Nb6 14. Bb3 Bg4 15. h3 Bxf3 16. Qxf3 Qxf3 17. gxf3 Rac8 18. Kg2 c5 19. Rac1 cxd4 20. Rxc8 Rxc8 21. exd4 Rc3 22. Rb1 g6 23. a4 Nc4 24. Bxc4 Rxc4 25. Rxb7 Rxa4 26. d5 Kf8 27. d6 Ke8 28. Kf1 a5 29. Ke2 Ra2+ 30. Ke3 a4 31. Ra7 Ra3+ 32. Ke4 f5+ 33. Kf4 g5+ 34. Kxf5 Ra2 35. Kg6 a3 36. Kxh6 Ra1 37. Kxg5 a2 38. Kf5 Kd8 39. h4 Kc8 40. d7+ Kd8 41. h5 Rh1 42. Rxa2 Rxh5+ 43. Ke6 Rh6+ 44. Ke5 Kxd7 45. Rd2+ Ke7 46. f4 Re6+ 47. Kf5 Rf6+ 48. Kg4 Ke6 49. Re2+ Kf7 50. f3 Kg6 51. Re5 Ra6 52. f5+ Kf6 53. Re4 Ra5 54. f4 Rxf5 55. Kf3 Rh5 56. Kg3 Kf5 57. Ra4 Kf6 58. Kg4 Rb5 59. Ra6+ Kg7 60. f5 Rb4+ 61. Kg5 Rb5 62. Ra7+ Kf8 63. Kg6 Rb6+ 64. f6 Ke8 65. Kg7 1-0

[Event "Junior Online 4NCL Division 3"]
[Site "online"]
[Date "2021.03.18"]
[EventDate "2021.03.18"]
[Round "5.57"]
[White "Eedle, Eric F"]
[WhiteElo "1638"]
[WhiteTeam "Barnet Knights A"]
[Black "Croft, Dennis"]
[BlackElo "1278"]
[BlackTeam "MCS Tenners A"]
[Result "1-0"]
[PlyCount "55"]

1. d4 Nf6 2. c4 e6 3. Nc3 Bb4 4. f3 d5 5. a3 Bxc3+ 6. bxc3 O-O 7. cxd5 exd5 8. e3 Nc6 9. Bd3 Be6 10. Ne2 Rb8 11. O-O Qd7 12. Ng3 Rfe8 13. Re1 a6 14. e4 dxe4 15. fxe4 Na5 16. d5 Bg4 17. Qc2 c6 18. Bf4 Ra8 19. c4 Nh5 20. Nxh5 Bxh5 21. Bd2 b6 22. Bc3 cxd5 23. exd5 Bg6 24. Bxg6 hxg6 25. Qd3 Nb3 26. Rab1 Nc5 27. Qd4 Rab8 28. Qxg7# 1-0

[Event "Junior Online 4NCL Division 3"]
[Site "online"]
[Date "2021.03.18"]
[EventDate "2021.03.18"]
[Round "5.58"]
[White "Yao, Rian"]
[WhiteElo "1060"]
[WhiteTeam "MCS Tenners A"]
[Black "Angelopoulos, Andreas"]
[BlackElo "1639"]
[BlackTeam "Barnet Knights A"]
[Result "0-1"]
[PlyCount "128"]

1. e4 c5 2. Nf3 Nc6 3. Bc4 d6 4. d3 Nf6 5. Ng5 e6 6. Nc3 g6 7. Nf3 Bg7 8. Bg5 O-O 9. O-O a6 10. a4 Bd7 11. b3 Na5 12. Qd2 Nxc4 13. bxc4 Qc7 14. Rfe1 Ng4 15. h3 Ne5 16. Nxe5 Bxe5 17. Bf4 Bg7 18. Rab1 Bc6 19. Ne2 Qd7 20. Nc3 Rfd8 21. a5 Re8 22. Red1 d5 23. cxd5 exd5 24. exd5 Bxd5 25. Nxd5 Qxd5 26. c4 Qc6 27. Rb6 Qd7 28. Rdb1 Ra7 29. Kh2 Be5 30. Bxe5 Rxe5 31. Qb2 Re7 32. g3 Qxd3 33. Qb3 Qd4 34. Kg2 Re2 35. Qf3 Qxc4 36. Rxb7 Rxb7 37. Rxb7 Re8 38. h4 Re1 39. Qf6 Qf1+ 40. Kf3 Qh1+ 41. Kf4 Qxb7 42. Qd8+ Kg7 43. Qb6 Qxb6 44. axb6 Rb1 45. Ke4 Rxb6 46. Kd5 Rf6 47. Kxc5 Rxf2 48. Kb6 Rg2 49. Kxa6 Rxg3 50. Kb5 Rg4 51. Kc5 Rxh4 52. Kd5 Rf4 53. Ke5 g5 54. Kd5 g4 55. Ke5 Rf3 56. Ke4 f5+ 57. Ke5 g3 58. Kd4 g2 59. Ke5 g1=Q 60. Kd5 Qd1+ 61. Ke5 Re3+ 62. Kxf5 Qf3+ 63. Kg5 Re5+ 64. Kh4 Rh5# 0-1

[Event "Junior Online 4NCL Division 3"]
[Site "online"]
[Date "2021.03.18"]
[EventDate "2021.03.18"]
[Round "5.61"]
[White "Karthik, Trivikraman"]
[WhiteElo "670"]
[WhiteTeam "Watford Juniors D"]
[Black "Aserkoff, Daniel"]
[BlackElo "1534"]
[BlackTeam "JHJ Shark Tank 2"]
[Result "1-0"]
[PlyCount "42"]

1. d4 d5 2. Bf4 Nf6 3. e3 Bf5 4. Bd3 Bxd3 5. cxd3 e6 6. Qb3 b6 7. Nf3 Bd6 8. Bxd6 Qxd6 9. Nc3 a6 10. e4 dxe4 11. dxe4 Qd7 12. d5 exd5 13. e5 Ne4 14. Nxd5 Nc5 15. Qc4 O-O 16. O-O Nc6 17. Rfd1 Qc8 18. b4 Nxe5 19. Nxe5 Ne6 20. Ne7+ Kh8 21. Nxc8 Raxc8 1-0